От слова к букве. Ч. 2 (Запись № 10276131)

Подробности
000 -МАРКЕР
контрольное поле 01068nam2a2200241 4500
001 - ИДЕНТИФИКАТОР ЗАПИСИ
контрольное поле RU\NLR\BIBL_A\010828478
005 - ИДЕНТИФИКАТОР ВЕРСИИ
контрольное поле 20250614103336.0
010 ## - МЕЖДУНАРОДНЫЙ СТАНДАРТНЫЙ НОМЕР КНИГИ (ISBN)
Номер (ISBN) 978-5-09-036827-8
Тираж 7000
021 ## - НОМЕР ГОСУДАРСТВЕННОЙ РЕГИСТРАЦИИ
Код страны Российская Федерация
Номер 2015-54737
Номер Листа государственной регистраци 3235
035 ## - ДРУГИЕ СИСТЕМНЫЕ НОМЕРА
Идентификатор записи (NLR Aleph) 010828478
100 ## - ДАННЫЕ ОБЩЕЙ ОБРАБОТКИ
Данные общей обработки 20150903d2015 |||y0rusy50 ca
101 0# - ЯЗЫК РЕСУРСА
Язык текста, звукозаписи и т.д. русский
102 ## - СТРАНА ПУБЛИКАЦИИ ИЛИ ПРОИЗВОДСТВА
Страна публикации Российская Федерация
105 ## - ПОЛЕ КОДИРОВАННЫХ ДАННЫХ: ТЕКСТОВЫЕ МАТЕРИАЛЫ, МОНОГРАФИЧЕСКИЕ
Кодированные данные о монографическом текстовом документе a j 000zy
200 0# - ЗАГЛАВИЕ И СВЕДЕНИЯ ОБ ОТВЕТСТВЕННОСТИ
Основное заглавие Ч. 2
210 ## - ПУБЛИКАЦИЯ, РАСПРОСТРАНЕНИЕ И ДР.
Дата издания, распространения и т.д. 2015
Место издания, распространения и т.д. Б. м.
215 ## - ФИЗИЧЕСКАЯ ХАРАКТЕРИСТИКА
Специфическое обозначение материала и объем 95 с.
Другие сведения о физической характеристике цв. ил.
461 #0 - УРОВЕНЬ НАБОРА
Встроенное поле 001RU\NLR\BIBL_A\010841363
-- 2000#$aОт слова к букве$eпособие для детей 5-7 лет$eв 2 ч.$fН. А. Федосова$vЧ. 2
-- 700#1$aФедосова$bН.А.$gНина Алексеевна$3RU\NLR\AUTH\7718708
Системный номер (АБИС) связанной записи 10329059
Автор Федосова, Н. А.
Место публикации Москва
Дата публикации 2015
Издание 5-е изд., перераб.
Первые сведения об ответственности Н. А. Федосова
Имя издателя, распространителя и т.д. Просвещение
Сведения, относящиеся к заглавию пособие для детей 5-7 лет : в 2 ч.
Заглавие От слова к букве
ISBN 9785090368261
Номер тома Ч. 2
942 ## - ДОПОЛНИТЕЛЬНЫЕ ЭЛЕМЕНТЫ ЗАПИСИ (АБИС)
Тип экземпляра АБИС Книга
980 ## - КОЛЛЕКЦИЯ
Название коллекции Национальная библиография
Экземпляры
Тип экземпляра Дата поступления Источник поступления Библиотека постоянного хранения Библиотека текущего хранения Место хранения Шифр хранения Штрих-код Статус экземпляра
Книга 03.09.2015 Обязательный экземпляр РНБ (Московский) РНБ (Московский) Русский книжный фонд: издания с 1957 года 2015-7/4696 1-1096243  
Книга 03.09.2015 Обязательный экземпляр РНБ (Московский) РНБ (Московский) Обменный фонд   1-1096244